Kandydaci na prezydenta w II turze wyborów prezydenckich - Statystyki

Ogólne statystyki
  • Ten quiz został rozwiązany 66 razy
  • Średni wynik to 11 z 14
Statystyki odpowiedzi
Rok Kandydat % Poprawnych
2020 Andrzej Duda
100%
2020 Rafał Trzaskowski
98%
2015 Andrzej Duda
97%
2015 Bronisław Komorowski
97%
2005 Lech Kaczyński
95%
2010 Bronisław Komorowski
92%
2000 Aleksander Kwaśniewski
90%
2010 Jarosław Kaczyński
90%
1995 Aleksander Kwaśniewski
82%
2005 Donald Tusk
78%
1990 Lech Wałęsa
78%
1995 Lech Wałęsa
72%
1990 Stanisław Tymiński
40%
2000 Andrzej Olechowski
22%
Nie znaleziono quizów pasujących do podanych kryteriów
Rozkład punktacji
Procent ludzi z każdym wynikiem
Percentyl według liczby udzielonych odpowiedzi
Twoja historia wyników
Nie rozwiązałeś tego quizu